| 000 | 00517nam a2200133Ia 4500 | ||
|---|---|---|---|
| 005 | 20260209120153.0 | ||
| 008 | 260209s9999||||xx |||||||||||||| ||und|| | ||
| 100 | _aVijay Rahul V | ||
| 245 | 0 | _aMinding the gap : establishing the case for neurorights within the Indian legal framework | |
| 260 |
_aBangaloreBangalore _bNLSIU, Bangalore _c2024 - 2025 |
||
| 300 | _a52 p. ; 25 cm. | ||
| 700 | _aMr. Siddharth Saxena - SupervisorMr. Siddharth Saxena - Supervisor | ||
| 856 | _uhttps://dans.nls.ac.in/handle/123456789/2481 | ||
| 999 |
_c217777 _d217777 |
||